Tibetan tradition of mental development (Record no. 2896)
[ view plain ]
| 000 -LEADER | |
|---|---|
| fixed length control field | 00630nam a2200205 i 4500 |
| 003 - CONTROL NUMBER IDENTIFIER | |
| control field | OSt |
| 005 - DATE AND TIME OF LATEST TRANSACTION | |
| control field | 20260403093948.0 |
| 008 - FIXED-LENGTH DATA ELEMENTS--GENERAL INFORMATION | |
| fixed length control field | 260322s1992 |||||||| |||| 00| 0deng d |
| 020 ## - INTERNATIONAL STANDARD BOOK NUMBER | |
| International Standard Book Number | 8185102384 |
| 040 ## - CATALOGING SOURCE | |
| Original cataloging agency | LHL |
| Language of cataloging | eng |
| Transcribing agency | LHL |
| Modifying agency | LHL |
| Description conventions | rda |
| 100 ## - MAIN ENTRY--PERSONAL NAME | |
| Personal name | Ngawang Dhargyey, |
| Dates associated with a name | 1925- |
| 245 ## - TITLE STATEMENT | |
| Title | Tibetan tradition of mental development |
| 264 ## - PRODUCTION, PUBLICATION, DISTRIBUTION, MANUFACTURE, AND COPYRIGHT NOTICE | |
| Place of production, publication, distribution, manufacture | Dharamsala, India : |
| Name of producer, publisher, distributor, manufacturer | Library of Tibetan works and archives ; |
| Date of production, publication, distribution, manufacture, or copyright notice | 1992 |
| 300 ## - PHYSICAL DESCRIPTION | |
| Extent | 250 pages ; |
| Dimensions | 21 cm |
| 336 ## - CONTENT TYPE | |
| Source | rdacontent |
| Content type term | text |
| Content type code | txt |
| 337 ## - MEDIA TYPE | |
| Source | rdamedia |
| Media type term | unmediated |
| Media type code | n |
| 338 ## - CARRIER TYPE | |
| Source | rdacarrier |
| Carrier type term | volume |
| Carrier type code | nc |
| 504 ## - BIBLIOGRAPHY, ETC. NOTE | |
| Bibliography, etc. note | Includes biographical references. |
| 942 ## - ADDED ENTRY ELEMENTS (KOHA) | |
| Source of classification or shelving scheme | Lindholme Classification Scheme |
| Koha item type | Book |
| Suppress in OPAC | No |
| Withdrawn status | Lost status | Source of classification or shelving scheme | Damaged status | Not for loan | Collection | Home library | Current library | Shelving location | Date acquired | Total checkouts | Full call number | Barcode | Date last seen | Price effective from | Koha item type |
|---|---|---|---|---|---|---|---|---|---|---|---|---|---|---|---|
| Lindholme Classification Scheme | Vajrayana | Lindholme Hall Library | Lindholme Hall Library | General stacks | 22/03/2026 | 494 DHA | 2500407 | 22/03/2026 | 22/03/2026 | Book |